000 01040nam a2200337Ia 4500
001 dia_3156
003 CHAP
005 20230515141808.0
008 220117s2003 xx 000 0 und d
010 _a173655
020 _a968-18-4934-5
040 _cCHAP
082 _a150 D38 2003
100 _aDavidson, Gerald C.
_9154181
245 _aPsicología de la conducta anormal /
_c Gerald C. Davidson y John M. Neale ; traducción Claudio Ardisson Pérez
250 _a2a ed.
260 _aMéxico :
_b Limusa,
_c2003
300 _a904 p.
500 _aTítulo original: Abnormal pshychology
503 _aC/e
504 _aBibliografía: p. 793-860
590 _aRC454 D38 2003
650 _aPsicología patológica
_992614
650 _aPsychology, Pathological
_9154182
700 _aArdinsson Pérez, Claudio, tr.
_9154183
700 _aNeale, John M., coaut.
_9154184
901 _a150 D38 2003
902 _aM
905 _a5232272003 MX adm 8222223322SPA16
942 _cLIBRO
_2ddc
999 _c173655
_d173655